Save Europeans by Guessing Countries - Statistics

General Stats
  • This quiz has been taken 217,411 times
    214,681 since last reset
  • The average score is 572 of 757
Answers on the Map
Answers color-coded by a green-red scale on the quiz's map according to % correct below.
 
Answer Stats
Population Country % Correct
67,886,011 United Kingdom
94%
67,515,709 France
93%
83,783,942 Germany
92%
46,754,778 Spain
90%
145,934,462 Russia
87%
60,461,826 Italy
85%
10,196,709 Portugal
75%
10,099,265 Sweden
73%
37,846,611 Poland
72%
43,733,762 Ukraine
66%
5,421,241 Norway
65%
10,423,054 Greece
64%
4,937,786 Ireland
58%
5,540,720 Finland
56%
17,134,872 Netherlands
51%
19,237,691 Romania
51%
11,589,623 Belgium
48%
9,006,398 Austria
47%
5,792,202 Denmark
46%
6,926,908 Serbia
40%
8,654,622 Switzerland
38%
9,660,351 Hungary
37%
9,449,323 Belarus
36%
6,948,445 Bulgaria
36%
341,243 Iceland
35%
10,708,981 Czech Republic
34%
5,459,642 Slovakia
32%
4,105,267 Croatia
31%
1,326,535 Estonia
30%
1,886,198 Latvia
29%
2,078,938 Slovenia
27%
2,722,289 Lithuania
26%
2,877,797 Albania
23%
3,280,819 Bosnia and Herzegovina
22%
441,543 Malta
17%
77,265 Andorra
16%
801 Vatican City
16%
4,033,963 Moldova
15%
39,242 Monaco
15%
1,810,463 Kosovo
14%
625,978 Luxembourg
14%
33,931 San Marino
12%
628,066 Montenegro
11%
2,083,374 North Macedonia
11%
38,128 Liechtenstein
8%
No matching quizzes found
Score Distribution
Percent of People with Each Score
Percentile by Number Answered
Your Score History
You have not taken this quiz since the last reset